[Event "Challenge"]
[Site "http://www.queenalice.com/game.php?id=268888"]
[Date "2007.9.9"]
[Round "-"]
[White "twisty_neil"]
[Black "tugasi"]
[Result "1-0"]
[WhiteElo "1736"]
[BlackElo "1394"]

1. e4 e5 2. Nf3 Nc6 3. Nc3 Nf6 4. Bc4 h6 5. O-O Bc5 6. d3 O-O 7. Nd5 Nxd5 8.
Bxd5 Nd4 9. Nxe5 d6 10. Ng6 Kh7 11. Nxf8+ Qxf8 12. c3 Ne6 13. b4 Bb6 14. Qf3 Bd7
15. Bxb7 Rb8 16. Bd5 a5 17. a3 c6 18. Bxe6 1-0

[Event "Challenge"]
[Site "http://www.queenalice.com/game.php?id=268965"]
[Date "2007.9.9"]
[Round "-"]
[White "lesangesleader"]
[Black "twisty_neil"]
[Result "0-1"]
[WhiteElo "1717"]
[BlackElo "1718"]

1. Nf3 d5 2. d4 Nf6 3. Nc3 Nc6 4. a3 Ne4 5. e3 e6 6. Be2 Bd6 7. O-O O-O 8. Bd2
Nxd2 9. Nxd2 e5 10. dxe5 Bxe5 11. Qc1 d4 12. exd4 Nxd4 13. Nf3 Nxe2+ 14. Nxe2
Qf6 15. c3 Bg4 16. Ned4 c5 17. Nxe5 Qxe5 18. Nb3 Qd5 19. Rd1 Bxd1 20. Qxd1 Qxd1+
21. Rxd1 Rad8 22. Rxd8 Rxd8 23. Nxc5 Rd1# 0-1

[Event "Challenge"]
[Site "http://www.queenalice.com/game.php?id=276141"]
[Date "2007.9.23"]
[Round "-"]
[White "twisty_neil"]
[Black "chapichapo"]
[Result "1-0"]
[WhiteElo "1734"]
[BlackElo "1100"]

1. e4 e5 2. Nf3 Nf6 3. Nc3 Nc6 4. Bc4 Bc5 5. O-O O-O 6. d3 Nd4 7. Bg5 h6 8. Bxf6
Qxf6 9. Nxd4 Bxd4 10. Nb5 b6 11. Nxc7 Rb8 12. c3 Bc5 13. Nd5 Qg6 14. d4 Bd6 15.
dxe5 Bc5 16. b4 Qxe4 17. Qd3 Bxf2+ 18. Rxf2 Qxe5 19. Re1 Qg5 20. Ne7+ Kh8 21.
Bxf7 Bb7 22. Ng6+ Kh7 23. Nxf8+ Kh8 24. Qh7# 1-0

[Event "anax"]
[Site "http://www.queenalice.com/game.php?id=304048"]
[Date "2007.11.15"]
[Round "1"]
[White "Andre"]
[Black "twisty_neil"]
[Result "0-1"]
[WhiteElo "1502"]
[BlackElo "1742"]

1. e4 e5 2. Nf3 d5 3. d3 Bg4 4. h3 dxe4 5. dxe4 Qxd1+ 6. Kxd1 Bxf3+ 7. Be2 Bxg2
8. Rh2 Bxe4 9. f3 Bf5 10. Nc3 Nc6 11. Bb5 Nf6 12. Bxc6+ bxc6 13. Bg5 Be7 14.
Bxf6 Bxf6 15. Ne4 Bxe4 16. fxe4 Bh4 17. Ke2 Rd8 18. Rd1 Rxd1 19. Kxd1 O-O 20.
Ke2 h6 21. c4 Rd8 22. Kf3 Rd4 0-1

[Event "Random"]
[Site "http://www.queenalice.com/game.php?id=307516"]
[Date "2007.11.21"]
[Round "1"]
[White "RickD"]
[Black "twisty_neil"]
[Result "0-1"]
[WhiteElo "1492"]
[BlackElo "1772"]

1. b3 e5 2. Bb2 Nc6 3. Nf3 e4 4. Nd4 Bc5 5. Nf5 f6 6. d4 exd3 7. c4 d5 8. cxd5
Bxf5 9. dxc6 Qe7 10. Nd2 Nh6 11. f3 Qe3 12. Qc1 dxe2 13. Bxe2 Bd3 14. Nc4 Qxe2#
0-1

[Event "Challenge"]
[Site "http://www.queenalice.com/game.php?id=309570"]
[Date "2007.11.25"]
[Round "-"]
[White "lupo1"]
[Black "twisty_neil"]
[Result "1-0"]
[WhiteElo "1804"]
[BlackElo "1756"]

1. d4 d5 2. c4 Nf6 3. Nc3 dxc4 4. e3 c6 5. Nf3 Bg4 6. Be2 e6 7. Bxc4 Bb4 8. Bd2
b5 9. Be2 Bxc3 10. bxc3 Ne4 11. a4 a6 12. axb5 cxb5 13. Bxb5+ axb5 14. Rxa8 O-O
15. Ra1 Nxd2 16. Qxd2 Bxf3 17. gxf3 Qd5 18. e4 Qh5 19. Qf4 Nd7 20. Rg1 g6 21. h4
Nb6 22. Ke2 b4 23. cxb4 Qb5+ 24. Ke1 Qxb4+ 25. Qd2 Qc4 26. h5 Na4 27. Rc1 Qb3
28. Rg3 Nb2 29. f4 Qb5 30. e5 Nc4 31. Qa2 Qb4+ 32. Kf1 Nd2+ 33. Kg2 Ne4 34. Rc4
Qe1 35. Rh3 gxh5 36. Rc2 h4 37. Rxh4 Nc3 38. Rxc3 Qxc3 39. Qb1 f5 40. Qb6 Kh8
41. Rh5 Rg8+ 42. Rg5 Rxg5+ 43. fxg5 Kg7 44. Qd6 f4 45. Qe7+ Kg6 46. Qxe6+ Kh5
47. Qh3+ Kg6 48. Qxc3 1-0

[Event "AUTO-INT-574"]
[Site "http://www.queenalice.com/game.php?id=311242"]
[Date "2007.11.27"]
[Round "2"]
[White "charles31"]
[Black "twisty_neil"]
[Result "1/2-1/2"]
[WhiteElo "1783"]
[BlackElo "1738"]

1. e4 e5 2. Nf3 Nc6 3. Bb5 Nd4 4. Ba4 c6 5. d3 b5 6. Nxd4 bxa4 7. Nf3 Bd6 8. Bg5
Nf6 9. d4 h6 10. Bh4 Be7 11. Bxf6 Bxf6 12. dxe5 Be7 13. O-O O-O 14. Nc3 Ba6 15.
Re1 Bb4 16. Qd4 c5 17. Qe3 Qb6 18. a3 Ba5 19. Nd5 Qxb2 20. Ng5 Bxe1 21. Rxe1
Qxe5 22. Nc3 Qxg5 23. f4 Qf6 24. Nd5 Qd6 25. Rd1 Rab8 26. Nc3 Qc6 27. Nd5 Qb5
28. Qg3 Qb2 29. Nf6+ Qxf6 30. Qg4 Qc3 31. f5 f6 32. h3 Qxc2 33. Rxd7 Rf7 34. Rd5
Bb7 35. Rd6 Bxe4 36. Re6 Bxf5 37. Qg3 Bxe6 38. Qxb8+ Kh7 39. Qf4 c4 40. Qd6 Qe2
41. Qa6 Qc2 42. Qxe6 Rc7 43. h4 c3 44. h5 Qc1+ 45. Kh2 Qf4+ 46. g3 Qf2+ 47. Kh3
c2 48. Qe4+ f5 49. Qe6 Qf1+ 50. Kh2 c1=Q 51. Qg6+ Kh8 52. Qe8+ 1/2-1/2

[Event "AUTO-INT-574"]
[Site "http://www.queenalice.com/game.php?id=311243"]
[Date "2007.11.27"]
[Round "2"]
[White "twisty_neil"]
[Black "charles31"]
[Result "0-1"]
[WhiteElo "1757"]
[BlackElo "1762"]

1. e4 e5 2. Nf3 d6 3. c4 Nc6 4. d3 Bg4 5. Be2 Bxf3 6. Bxf3 Nd4 7. Nc3 Nf6 8. O-O
h5 9. Bg5 Be7 10. Bxf6 Bxf6 11. Bxh5 Qd7 12. Bg4 Qe7 13. Nd5 Qd8 14. h3 c6 15.
Ne3 Qe7 16. Nf5 Nxf5 17. Bxf5 g6 18. Bg4 Bg7 19. b4 Qg5 20. b5 c5 21. a4 f5 22.
Bf3 Rxh3 23. g3 Qh6 24. Qc1 f4 25. Re1 fxg3 26. Qxh6 gxf2+ 27. Kxf2 Rxh6 28. Rg1
Bf6 29. Rg3 Bh4 30. Rh1 Bxg3+ 31. Kxg3 Rxh1 32. Bxh1 b6 33. Kg4 Kf7 34. Kg5 a6
35. Bf3 axb5 36. axb5 Ra2 37. Bg4 Rd2 38. Bh3 Rxd3 39. Bf1 Rd4 40. Bg2 Rxc4 41.
Bf3 Rb4 42. Be2 Rxe4 43. Bd3 Rb4 44. Bxg6+ Ke6 45. Bd3 d5 46. Kg6 c4 47. Bc2
Rxb5 48. Bf5+ Kd6 49. Kf7 c3 50. Bd3 Rc5 51. Bc2 d4 52. Ke8 b5 53. Kf7 b4 54.
Kf6 Rb5 55. Kf5 b3 56. Bd3 Rb6 57. Ke4 b2 58. Bb1 Ra6 59. Bd3 Ra1 60. Kf3 b1=Q
61. Bxb1 Rxb1 62. Ke2 Kd5 63. Kd3 e4+ 64. Kc2 Rb2+ 65. Kc1 d3 66. Kd1 e3 67. Kc1
Rh2 68. Kb1 Kc4 69. Ka1 Kb3 70. Kb1 Rh1# 0-1

[Event "AUTO-INT-574"]
[Site "http://www.queenalice.com/game.php?id=311246"]
[Date "2007.11.27"]
[Round "2"]
[White "bleve"]
[Black "twisty_neil"]
[Result "0-1"]
[WhiteElo "1564"]
[BlackElo "1755"]

1. e4 e5 2. Nf3 Nc6 3. Bb5 Nf6 4. d3 Bc5 5. Nc3 O-O 6. Bxc6 dxc6 7. Nxe5 Qe7 8.
Bf4 Bd6 9. d4 Bxe5 10. Bxe5 Ng4 11. Bxg7 Kxg7 12. f3 Ne3 13. Qd2 Qg5 14. Qe2
Nxg2+ 15. Kf1 Nf4 16. Qd2 Bh3+ 17. Ke1 Ng2+ 18. Kf2 Qxd2+ 19. Kg1 Ne3 20. Nd1
Qg2# 0-1

[Event "AUTO-INT-574"]
[Site "http://www.queenalice.com/game.php?id=311247"]
[Date "2007.11.27"]
[Round "2"]
[White "twisty_neil"]
[Black "bleve"]
[Result "1-0"]
[WhiteElo "1741"]
[BlackElo "1625"]

1. e4 e5 2. f4 exf4 3. Nf3 Nc6 4. d4 d6 5. Bxf4 Bg4 6. Be2 Nf6 7. e5 Nd5 8. Bg5
f6 9. exf6 gxf6 10. Bd2 Bg7 11. Nc3 Nde7 12. h3 Bxf3 13. Bxf3 f5 14. d5 Ne5 15.
Qe2 a6 16. O-O-O Nxf3 17. gxf3 Qd7 18. Rhg1 Bf6 19. Bg5 Bxg5+ 20. Rxg5 Rg8 21.
Rxg8+ Kf7 22. Rxa8 h5 23. f4 Ng6 24. Qxh5 Kg7 25. Rg1 Kf7 26. Qxg6+ Ke7 27. Qg7#
1-0

[Event "AUTO-INT-574"]
[Site "http://www.queenalice.com/game.php?id=311248"]
[Date "2007.11.27"]
[Round "2"]
[White "Paked"]
[Black "twisty_neil"]
[Result "1-0"]
[WhiteElo "1906"]
[BlackElo "1748"]

1. e4 e5 2. Nf3 Nc6 3. Bb5 Nd4 4. Nxd4 exd4 5. d3 c6 6. Bc4 b5 7. Bb3 a5 8. a3
a4 9. Ba2 Bd6 10. O-O Ne7 11. c3 Ng6 12. cxd4 O-O 13. f4 Qf6 14. e5 Bxe5 15.
fxe5 Qh4 16. Be3 d5 17. exd6 Bg4 18. Qc2 Rac8 19. Nd2 Be2 20. Rf2 Bh5 21. Qc5
Qg4 22. h3 Qg3 23. Nf1 Qh4 24. Bg5 Qxf2+ 25. Kxf2 h6 26. Bxh6 gxh6 27. Qxh5 Nf4
28. Qg4+ Ng6 29. Qxg6+ Kh8 30. Qxh6+ Kg8 31. Ng3 c5 32. Nf5 1-0

[Event "AUTO-INT-574"]
[Site "http://www.queenalice.com/game.php?id=311249"]
[Date "2007.11.27"]
[Round "2"]
[White "twisty_neil"]
[Black "Paked"]
[Result "0-1"]
[WhiteElo "1752"]
[BlackElo "1950"]

1. e4 e5 2. Nf3 Nc6 3. c4 Bc5 4. d3 Nf6 5. Nc3 O-O 6. Be2 d6 7. O-O Bg4 8. h3
Bh5 9. Bg5 h6 10. Bxf6 Qxf6 11. Nd5 Qd8 12. a3 Ne7 13. b4 Bb6 14. Nxb6 axb6 15.
c5 bxc5 16. bxc5 f5 17. cxd6 Qxd6 18. Nh4 Bxe2 19. Qxe2 Rxa3 20. Rxa3 Qxa3 21.
d4 g5 22. Nxf5 Nxf5 23. exf5 exd4 24. Qe6+ Rf7 25. f6 Qd6 26. Qe8+ Qf8 27. Qe5
c5 28. Rc1 b6 29. Rb1 Rxf6 30. Qd5+ Qf7 31. Qxf7+ Kxf7 32. g3 d3 33. f4 c4 34.
fxg5 hxg5 35. Rb4 c3 36. h4 gxh4 37. Rxh4 d2 38. Rd4 c2 39. Rxd2 c1=Q+ 40. Kh2
Qxd2+ 41. Kh3 Qf2 42. Kg4 Qf3+ 43. Kg5 Rg6+ 44. Kh4 Qxg3+ 45. Kh5 Qg1 46. Kh4 b5
47. Kh3 Qh1# 0-1

[Event "Random"]
[Site "http://www.queenalice.com/game.php?id=359139"]
[Date "2008.2.22"]
[Round "2"]
[White "twisty_neil"]
[Black "FoxInSox"]
[Result "0-1"]
[WhiteElo "1762"]
[BlackElo "1378"]

1. e4 e5 2. Nf3 Bd6 3. Nc3 b6 4. Bc4 Ba6 5. d3 Bxc4 6. dxc4 h5 7. O-O Ne7 8. Nd5
c6 9. Nxe7 Qxe7 10. h3 Rg8 11. Be3 Bc5 12. Bxc5 Qxc5 13. b3 Na6 14. Qd2 Qb4 15.
Qg5 f6 16. Qxh5+ g6 17. Qh7 O-O-O 18. Rad1 Nb8 19. a4 Qc3 20. Rd2 f5 21. Rd3
Qxc2 22. Nxe5 Rge8 23. Qg7 Rxe5 24. Qxe5 Qxd3 25. exf5 gxf5 26. h4 Qxb3 27. Ra1
Qxc4 28. h5 Qf7 29. a5 b5 30. a6 d6 31. Qe2 Rh8 32. g4 fxg4 33. Qxg4+ Qd7 34.
Qd4 Rxh5 35. Kf1 Rh1+ 36. Ke2 Rxa1 37. Qxa1 Qe6+ 38. Kf1 Qc4+ 39. Kg2 b4 40.
Qh8+ Kc7 41. Qg7+ Nd7 42. Qa1 Ne5 43. Qa5+ Kd7 44. f4 Qxf4 0-1

[Event "Quiet Game"]
[Site "http://www.queenalice.com/game.php?id=388943"]
[Date "2008.4.17"]
[Round "-"]
[White "kretin_alan"]
[Black "twisty_neil"]
[Result "1-0"]
[WhiteElo "1697"]
[BlackElo "1732"]

1. d4 d5 2. Nf3 Bf5 3. e3 Nf6 4. Bd3 Bxd3 5. Qxd3 e6 6. Nbd2 Nc6 7. a3 Bd6 8. b4
a6 9. Bb2 O-O 10. O-O h6 11. c4 b6 12. Bc3 Qd7 13. c5 bxc5 14. bxc5 Be7 15. h3
a5 16. Rfd1 Rfb8 17. a4 Nb4 18. Bxb4 Rxb4 19. Qc2 Ne4 20. Nxe4 dxe4 21. Qxe4 Ra6
22. Qc2 Qd5 23. Ne5 f6 24. Nd3 Rc4 25. Qb3 Ra8 26. Nf4 1-0

[Event "Challenge"]
[Site "http://www.queenalice.com/game.php?id=411101"]
[Date "2008.5.31"]
[Round "-"]
[White "fictionist"]
[Black "twisty_neil"]
[Result "1-0"]
[WhiteElo "1958"]
[BlackElo "1771"]

1. e4 e5 2. Nf3 Nc6 3. Bb5 Nf6 4. O-O Bc5 5. d3 O-O 6. Bxc6 dxc6 7. Nc3 h6 8.
Nxe5 Qe7 9. Nf3 Bg4 10. Be3 Bxe3 11. fxe3 b5 12. h3 b4 13. Ne2 Bxf3 14. Rxf3 c5
15. Ng3 Qe5 16. d4 cxd4 17. exd4 Qg5 18. Qd3 Rad8 19. Rf5 1-0

[Event "Challenge"]
[Site "http://www.queenalice.com/game.php?id=1285901"]
[Date "2014.6.4"]
[Round "-"]
[White "squeak"]
[Black "twisty_neil"]
[Result "1-0"]
[WhiteElo "1737"]
[BlackElo "1685"]

1. e4 e5 2. f4 d5 3. exd5 e4 4. d3 Nf6 5. dxe4 Nxe4 6. Nf3 Bc5 7. Nbd2 Bf5 8.
Bd3 O-O 9. Bxe4 Bxe4 10. Nxe4 Re8 11. Ne5 b6 12. Nxc5 bxc5 13. O-O f6 14. Nf3
Na6 15. c4 c6 16. Re1 Rxe1+ 17. Qxe1 cxd5 18. Qe6+ Kf8 19. Qxa6 d4 20. Bd2 Qe7
21. Re1 Qd7 22. b4 Rc8 23. Re6 Kf7 24. Rd6 Qc7 25. bxc5 Qxc5 26. Rd7+ Kg6 27.
Bb4 Rc6 28. Qb7 Qxc4 29. Rxg7+ Kf5 30. Qd7+ Re6 31. Nxd4+ Kxf4 32. Nxe6+ Ke3 33.
Rg3+ Ke4 34. Rg4+ Kf5 35. Rxc4 h5 36. Nf8+ Kg5 37. Bd2# 1-0